Navalcarnero / (Record no. 154265)

MARC details
000 -LEADER
campo de control de longitud fija 00900nam a2200217 i 4500
001 - NÚMERO DE CONTROL
campo de control 154265
003 - IDENTIFICADOR DE NÚMERO DE CONTROL
campo de control ES-MaACL
005 - FECHA Y HORA DE LA ÚLTIMA TRANSACCIÓN
campo de control 20230906205606.0
008 - DATOS DE LONGITUD FIJA--INFORMACIÓN GENERAL
campo de control de longitud fija 931025s1891 sp |||| | spa d
100 1# - ENTRADA PRINCIPAL--NOMBRE DE PERSONA
Nombre de persona Gascón, Juan Francisco.
9 (RLIN) 55855
245 10 - MENCIÓN DEL TÍTULO
Título Navalcarnero /
Mención de responsabilidad, etc. por Juan Francisco Gascón.
260 ## - PUBLICACIÓN, DISTRIBUCIÓN, ETC.
Lugar de publicación, distribución, etc. Madrid :
Nombre del editor, distribuidor, etc. Biblioteca de la Revista Ilustrada de la Provincia,
Fecha de publicación, distribución, etc. 1891 (
Fabricante Imp. de E. Rubiños)
300 ## - DESCRIPCIÓN FÍSICA
Extensión XI, 122 p., [1] h. de map. ;
Dimensiones 20 cm.
490 1# - MENCIÓN DE SERIE
Mención de serie Biblioteca de la Provincia de Madrid: crónica general de sus pueblos ;
Designación de volumen o secuencia 16
596 #1 - NOTA AL PIE DE IMPRENTA
NOTA AL PIE DE IMPRENTA Obra patrocinada por la Diputación Provincial.
700 11 - ENTRADA AGREGADA--NOMBRE PERSONAL
Nombre de persona Rubiños, Enrique,
Término indicativo de función/relación
9 (RLIN) 132157
710 1# - ENTRADA AGREGADA--NOMBRE DE ENTIDAD CORPORATIVA
Nombre de entidad corporativa o nombre de jurisdicción como elemento de entrada Madrid (Provincia).
Unidad subordinada Diputación Provincial.
9 (RLIN) 134671
830 0# - PUNTO DE ACCESO ADICIONAL DE SERIE-TÍTULO UNIFORME
Título uniforme Biblioteca de la Provincia de Madrid: crónica general de sus pueblos ;
Designación de volumen o secuencia 16
9 (RLIN) 187684
852 ## - LOCALIZACIÓN
Ubicación ES-MaACL
Número de control de estantería G-256
Nota libre -- Rúst.
Holdings
Estatus retirado Estado de pérdida Estado de daño No para préstamo Colección Biblioteca de origen Biblioteca actual Ubicación en estantería Fecha de adquisición Fuente de adquisición Total de préstamos Signatura topográfica completa Código de barras Visto por última vez Precio de reemplazo Tipo de ítem Koha
        Libros del s. XIX Biblioteca del Ateneo de Madrid Biblioteca del Ateneo de Madrid Depósito 2 17/01/2008     G-256 1161311 23/02/2023 23/02/2023 Libro impreso antiguo